[Event "Titled Tuesday intern op 02nd Apr Early"]
[Site "Chess.com INT"]
[Date "2024.04.02"]
[Round "1"]
[White "Tan, Ralph"]
[Black "Osiecki, Stanislaw"]
[Result "1-0"]
[WhiteElo "2004"]
[BlackElo "1959"]
[PlyCount "65"]
[EventDate "2024.04.02"]
[EventType "swiss (blitz)"]
[EventRounds "11"]
[EventCountry "USA"]
[SourceTitle "CB15_2024"]
[SourceDate "2024.04.10"]
[SourceVersion "1"]
[SourceVersionDate "2024.04.10"]
[SourceQuality "1"]

1. e4 e6 2. d4 d5 3. e5 c5 4. c3 Nc6 5. Nf3 Qb6 6. Be2 cxd4 7. cxd4 Nh6 8. Nc3 Nf5 9. Na4 Qa5+ 10. Bd2 Bb4 11. Bc3 b5 12. Nc5 Bxc3+ 13. bxc3 Qxc3+ 14. Kf1 Qa5 15. g4 Nfe7 16. a4 b4 17. Kg2 0-0 18. h4 Ng6 19. Kg3 f5 20. h5 f4+ 21. Kg2 Nge7 22. h6 g6 23. Rc1 Qb6 24. Ng5 Na5 25. f3 b3 26. Rb1 Rb8 27. Bd3 Nc4 28. Bxc4 dxc4 29. Qd2 Nd5 30. Nce4 Ne3+ 31. Kh3 Rd8 32. Nf6+ Kh8 33. Nf7# 1-0

[Event "Titled Tuesday intern op 27th Feb Late"]
[Site "Chess.com INT"]
[Date "2024.02.27"]
[Round "1"]
[White "Tan, Ralph"]
[Black "Bluebaum, Matthias"]
[Result "0-1"]
[WhiteElo "2004"]
[BlackElo "2658"]
[PlyCount "134"]
[EventDate "2024.02.27"]
[EventType "swiss (blitz)"]
[EventRounds "11"]
[EventCountry "USA"]
[SourceTitle "CB10_2024"]
[SourceDate "2024.03.06"]
[SourceVersion "1"]
[SourceVersionDate "2024.03.06"]
[SourceQuality "1"]

1. e4 e6 2. d4 d5 3. e5 c5 4. c3 Nc6 5. Nf3 Nge7 6. Bd3 cxd4 7. cxd4 Nf5 8. Bxf5 exf5 9. 0-0 Be7 10. Nc3 Be6 11. a3 g5 12. b4 f4 13. Na4 b6 14. Bb2 Rc8 15. Rc1 Qd7 16. b5 Na5 17. Rxc8+ Qxc8 18. Nd2 Nc4 19. Nxc4 Qxc4 20. Nc3 0-0 21. Qd2 Rc8 22. Rc1 Qb3 23. Qc2 Qxc2 24. Rxc2 Kf8 25. Rc1 f6 26. Ne2 Rxc1+ 27. Nxc1 Bd7 28. a4 Bf5 29. Bc3 Ba3 30. Na2 Kf7 31. exf6 Kxf6 32. Bb4 Bb2 33. Bc3 Bb1 34. Bxb2 Bxa2 35. Bc3 Bb3 36. a5 Bc4 37. axb6 axb6 38. f3 Bxb5 39. Kf2 Bd3 40. Ke1 Kf5 41. Kf2 Ke6 42. g3 fxg3+ 43. Kxg3 Kf5 44. Bd2 Be2 45. h3 Bd1 46. Bc3 Ke6 47. Bd2 h6 48. f4 Kf5 49. fxg5 hxg5 50. Kf2 b5 51. Ke1 Bc2 52. Kf2 Bd3 53. Ke3 Bf1 54. Be1 Bxh3 55. Kd3 Bf1+ 56. Ke3 Bc4 57. Bd2 Kg4 58. Be1 Kh3 59. Kf3 g4+ 60. Kf4 b4 61. Bxb4 g3 62. Be1 g2 63. Bf2 Kh2 64. Bg3+ Kh1 65. Bf2 g1Q 66. Bxg1 Kxg1 67. Ke3 Kg2 0-1

[Event "Titled Tuesday intern op 23rd Jan Late"]
[Site "Chess.com INT"]
[Date "2024.01.23"]
[Round "7"]
[White "Tan, Ralph"]
[Black "Buenafe Moya, Javier"]
[Result "0-1"]
[WhiteElo "2016"]
[BlackElo "2197"]
[PlyCount "58"]
[EventDate "2024.01.23"]
[EventType "swiss (blitz)"]
[EventRounds "11"]
[EventCountry "USA"]
[SourceTitle "CB05_2024"]
[SourceDate "2024.01.31"]
[SourceVersion "1"]
[SourceVersionDate "2024.01.31"]
[SourceQuality "1"]

1. e4 e5 2. Nf3 Nc6 3. Bb5 a6 4. Ba4 d6 5. 0-0 Bd7 6. c3 g5 7. d4 g4 8. Ne1 h5 9. f4 exf4 10. Bxf4 Bh6 11. Nd3 Qe7 12. Nd2 0-0-0 13. b4 Bxf4 14. Nxf4 Nf6 15. Re1 Rhe8 16. b5 axb5 17. Bxb5 Qf8 18. Qa4 Qh6 19. Nd5 Nxd5 20. exd5 Qxd2 21. Rxe8 Rxe8 22. dxc6 Re1+ 23. Rxe1 Qxe1+ 24. Bf1 Bxc6 25. Qc4 Qe3+ 26. Kh1 Qf2 27. Qd3 h4 28. c4 Be4 29. Qe2 Bxg2+ 0-1

[Event "Titled Tuesday intern op 09th Jan Early"]
[Site "Chess.com INT"]
[Date "2024.01.09"]
[Round "5"]
[White "Tan, Ralph"]
[Black "Ioannidis, Evgenios"]
[Result "0-1"]
[WhiteElo "2016"]
[BlackElo "2519"]
[PlyCount "78"]
[EventDate "2024.01.09"]
[EventType "swiss (blitz)"]
[EventRounds "11"]
[EventCountry "USA"]
[SourceTitle "CB03_2024"]
[SourceDate "2024.01.17"]
[SourceVersion "1"]
[SourceVersionDate "2024.01.17"]
[SourceQuality "1"]

1. Nf3 d5 2. g3 g6 3. Bg2 Bg7 4. d4 c6 5. 0-0 Nf6 6. c4 dxc4 7. Ne5 Ng4 8. Nxc4 Qxd4 9. Qc2 Be6 10. Na5 Qb6 11. Nb3 Nd7 12. Nc3 0-0 13. h3 Ngf6 14. Be3 Bf5 15. Qc1 Qa6 16. Rd1 Rfd8 17. Nd4 Ne5 18. Nxf5 gxf5 19. Qc2 e6 20. Bd4 Nc4 21. e4 Rxd4 22. Rxd4 Nxe4 23. Rxc4 Qxc4 24. Bxe4 fxe4 25. Qxe4 Qxe4 26. Nxe4 Rd8 27. Kf1 b6 28. Rb1 Rd4 29. Ng5 Rd2 30. Ke1 Rxb2 31. Rd1 Bc3+ 32. Kf1 Bf6 33. Ne4 Kg7 34. Rd7 Rxa2 35. Nd6 c5 36. Nxf7 Bd4 37. Ne5+ Kg8 38. Rd8+ Kg7 39. Rd7+ Kf8 0-1

[Event "Titled Tuesday intern op 09th Jan Early"]
[Site "Chess.com INT"]
[Date "2024.01.09"]
[Round "8"]
[White "Tan, Ralph"]
[Black "Korchmar, Vasiliy"]
[Result "0-1"]
[WhiteElo "2016"]
[BlackElo "2438"]
[PlyCount "82"]
[EventDate "2024.01.09"]
[EventType "swiss (blitz)"]
[EventRounds "11"]
[EventCountry "USA"]
[SourceTitle "CB03_2024"]
[SourceDate "2024.01.17"]
[SourceVersion "1"]
[SourceVersionDate "2024.01.17"]
[SourceQuality "1"]

1. e4 e6 2. d4 a6 3. Nf3 d5 4. e5 Bd7 5. c4 Ne7 6. Nc3 dxc4 7. Bxc4 Bc6 8. 0-0 Nd5 9. Re1 Be7 10. Bf1 Nd7 11. Ne4 h6 12. Bd2 g5 13. Kh1 g4 14. Ng1 h5 15. f3 Nf8 16. fxg4 hxg4 17. Qxg4 Ng6 18. Nf3 Qd7 19. Bg5 0-0-0 20. Nc5 Bxc5 21. Bxd8 Bb4 22. Bg5 Bxe1 23. Rxe1 Kb8 24. Bd3 Nde7 25. Bf6 Rh7 26. Be4 Bxe4 27. Qxe4 Nf5 28. Kg1 Qb5 29. Qe2 Qb6 30. Qf2 Nf4 31. Rd1 Nd5 32. g4 Nfe3 33. Re1 Nxg4 34. Qg3 Ngxf6 35. exf6 Nxf6 36. Kh1 Qxb2 37. Qg5 Qf2 38. Qxf6 Rxh2+ 39. Nxh2 Qxf6 40. Rd1 Qf5 41. Kg2 Qc2+ 0-1

[Event "Titled Tuesday intern op 09th Jan Early"]
[Site "Chess.com INT"]
[Date "2024.01.09"]
[Round "2"]
[White "Teillet, Benoit"]
[Black "Tan, Ralph"]
[Result "0-1"]
[WhiteElo "2218"]
[BlackElo "2016"]
[PlyCount "100"]
[EventDate "2024.01.09"]
[EventType "swiss (blitz)"]
[EventRounds "11"]
[EventCountry "USA"]
[SourceTitle "CB03_2024"]
[SourceDate "2024.01.17"]
[SourceVersion "1"]
[SourceVersionDate "2024.01.17"]
[SourceQuality "1"]

1. b4 e5 2. Bb2 Bxb4 3. Bxe5 Nf6 4. e3 0-0 5. Nf3 d6 6. Bb2 Bg4 7. Be2 Nc6 8. 0-0 d5 9. d4 Bd6 10. Nbd2 Re8 11. c4 Bf8 12. h3 Bh5 13. Rc1 Ne7 14. Qb3 Rb8 15. Bd3 c6 16. a4 dxc4 17. Bxc4 Ned5 18. Ne5 Bd6 19. Ndf3 Bxf3 20. Nxf3 Qe7 21. Rfe1 Rbd8 22. Rcd1 Ne4 23. Ne5 Bxe5 24. dxe5 Nb6 25. Bf1 Nd2 26. Qc2 Nxf1 27. Rxf1 Qb4 28. Bd4 Qxa4 29. Qf5 c5 30. e6 fxe6 31. Qxc5 e5 32. Ra1 Qb3 33. Bxe5 Rd5 34. Qc7 Rdxe5 35. Qxb7 Qf7 36. Rxa7 Qxb7 37. Rxb7 Nd5 38. Rd1 Nf6 39. Ra1 R5e7 40. Rb4 h5 41. Rab1 Kf7 42. Rf4 Kg6 43. Rb5 Re5 44. Rb6 Rd8 45. h4 Rf5 46. Ra4 Rd1+ 47. Kh2 Rxf2 48. e4 Kh7 49. e5 Ng4+ 50. Kg3 Rd3# 0-1